| 000 | 00670nam a22001937a 4500 | ||
|---|---|---|---|
| 005 | 20251108174913.0 | ||
| 008 | 250721s2009 xx 000 0 ara d | ||
| 082 | 1 | 4 | _a218.9/كول |
| 100 | 1 |
_aكولن، محمد فتح الله _eمؤلف |
|
| 245 | 1 | 0 | _aالتلال الزمردية نحو حياة القلب والروح / |
| 264 | 1 |
_aالقاهرة : _bدار النيل للطباعة والنشر، _c2009. |
|
| 300 | _a243ص. | ||
| 650 | 1 | 7 | _aالتصوف الإسلامي |
| 650 | 1 | 7 | _aالطرق الصوفية |
| 650 | 1 | 7 | _aالآداب الإسلامية |
| 700 | 1 |
_aالصالحي، إحسان _eمترجم |
|
| 942 |
_2ddc _cBK |
||
| 999 |
_c121113 _d121113 |
||